Т. 23, № 2; Техника машиностроения

Бібліографічні деталі
Parent link:Техника машиностроения: научно-технический журнал. Т. 23, № 2.— , 2002-
Мова:Російська
Опубліковано: 2016
Формат: MixedMaterials Книга
KOHA link:https://koha.lib.tpu.ru/cgi-bin/koha/opac-detail.pl?biblionumber=564301

MARC

LEADER 00000nam2a2200000 4500
001 564301
005 20231101123636.0
035 |a (RuTPU)RU\TPU\prd\260228 
090 |a 564301 
100 |a 20160713a19949999k y0rusy50 ca 
101 0 |a rus 
102 |a RU 
200 0 |a Т. 23, № 2 
210 |d 2016 
461 1 |0 (RuTPU)RU\TPU\prd\3171  |t Техника машиностроения  |o научно-технический журнал  |v Т. 23, № 2  |d 2002- 
801 0 |a RU  |b 63413507  |c 20010227  |g PSBO 
801 1 |a RU  |b 63413507  |c 20160713 
801 2 |a RU  |b 63413507  |c 20210304  |g RCR 
942 |c BK 
999 |a НТБ_ТПУ  |b НФ  |e -1/20160111  |p П-9289  |s 6/20151117  |u 0,00  |v 1